Pro Sports Teams in California - Statistics

General Stats
  • This quiz has been taken 77 times
  • The average score is 13 of 15
Answer Stats
Answer % Correct
Los Angeles Lakers
97%
Golden State Warriors
96%
Los Angeles Kings
96%
Sacramento Kings
96%
San Francisco 49ers
94%
Los Angeles Clippers
93%
Los Angeles Rams
93%
Los Angeles Chargers
91%
Los Angeles Dodgers
91%
Los Angeles Angels
87%
San Francisco Giants
87%
San Diego Padres
84%
Oakland Athletics
83%
Anaheim Ducks
81%
San Jose Sharks
79%
No matching quizzes found
Score Distribution
Percent of People with Each Score
Percentile by Number Answered
Your Score History
You have not taken this quiz